000 00562nam a2200217Ia 4500
005 20260429112205.0
008 260429s9999||||xx |||||||||||||| ||und||
020 _a9788180941252
041 _aEnglish
082 _a001.42
_bRAJ
100 _aRaju, T.
245 0 _aBusiness research methods /
_cT. Raju
250 _a1st ed.
260 _aChennai :
_bMJP Publishers ,
_c2011.
300 _axv, 259 p.; pbk
650 _a Management studies
650 _a Research methodology
650 _aBusiness research
700 _a Prabhu, R.
942 _cTB
999 _c52806
_d52806